000 00244nam a2200097Ia 4500
001 647863
005 20250826153710.0
008 250824s9999 xx 000 0 und d
245 0 _aÖMERİN ÇOCUKLUĞU
_cMUALLLİM NACİ
260 _bBEYAN YAYINLARI
999 _c647863
_d647863